Statistics for Types of Things #5

Click here to take the quiz!

General Stats

  • This quiz has been taken 28,422 times
  • The average score is 15 of 20

Answer Stats

These are Types of This % Correct
Sonnet, Haiku, LimerickPoem
96%
Loafer, Moccasin, PumpShoe
95%
Ruble, Rupee, WonCurrency
94%
Igneous, Sedimentary, MetamorphicRock
91%
Acute, Obtuse, RightAngle
91%
Glucose, Fructose, LactoseSugar
91%
Fandango, Lambada, JitterbugDance
90%
Porter, Pilsner, LagerBeer
90%
Yellow Dwarf, Neutron, Red GiantStar
86%
Cleaver, Stiletto, ScalpelKnife
83%
Suspension, Draw, PontoonBridge
79%
Jasmine, Oolong, Darjeeling Tea
79%
Compound, Spiral, HairlineFracture
73%
Fastball, Knuckleball, SinkerPitch
65%
Library, Christmas, PlayingCard
63%
Pointillism, Dada, FauvismArt
62%
Granny, Windsor, BowlineKnot
58%
Kosher, Himalayan, CelerySalt
56%
Nigiri, Maki, InariSushi
49%
Vinyasa, Bikram, AshtangaYoga
46%

Score Distribution

Percentile by Number Answered

Percent of People with Each Score

Your Score History

You have not taken this quiz